Songs of the Year (80s-90s) - Statistics

General Stats
  • This quiz has been taken 1,174 times
    1,172 since last reset
  • The average score is 12 of 20
Answer Stats
Hint Song Artist % Correct
1983 Every Breath you Take The Police
92%
1988 Faith George Michael
87%
1993 I Will Always Love You Whitney Houston
85%
1987 Walk Like an Egyptian The Bangles
81%
1984 When Doves Cry Prince
78%
1980 Call Me Blondie
76%
1997 Candle in the Wind 1997 Elton John
76%
1985 Careless Whisper Wham!
76%
1982 Physical Olivia Newton-John
75%
1995 Gangsta's Paradise Coolio
72%
1991 Everything I Do (I Do it For You) Bryan Adams
70%
1999 Believe Cher
58%
1994 The Sign Ace of Base
51%
1981 Bette Davis Eyes Kim Carnes
49%
1986 That's What Friends are For Dionne and Friends
35%
1990 Hold On Wilson Phillips
34%
1996 Macarena (Bayside Mix) Los del Rio
33%
1992 End of the Road Boyz II Men
26%
1989 Look Away Chicago
20%
1998 Too Close Next
13%
No matching quizzes found
Score Distribution
Percent of People with Each Score
Percentile by Number Answered
Your Score History
You have not taken this quiz since the last reset